• 首页
  • 本馆介绍
  • 公告通知
  • 最新文献
  • 馆藏检索
  • 电子资源
  • 读者导购
  • 参考咨询
  • 我的图书馆
  • 登录
  • 详细信息显示
  • 放入我的书架
  • 预约/预借图书
  • 作者相关作品
  • 分类相关作品
  • 丛书相关作品
  • 出版社相关作品

书目信息

  • 表格格式
  • 工作单格式
  • 卡片格式
题名:
手风琴技巧训练
    
 
作者: 杨文涛 著
分册:  
出版信息: 北京   人民音乐出版社  1986.2
页数: 224页
开本: 26cm
丛书名:
单 册:
中图分类: J624.3
科图分类:
主题词: 器乐--理论 , 器乐--奏法 , 器乐--演奏
电子资源:
ISBN: 7-103-00015-8
000 00570nam0 2200205 45
001 0312221749
005 20060515151128.62
010    @a7-103-00015-8@dCNY5.10
100    @a20031222d1986 km y0chiy0120 ea
101    @achi
200 1  @a手风琴技巧训练@AShou Feng Qin Ji Qiao Xun Lian@f杨文涛著@FYang Wen TaoZhu
210    @a北京@c人民音乐出版社@d1986.2
215    @a224页@d26cm
606 0  @a器乐@x理论
606 0  @a器乐@x奏法
606 0  @a器乐@x演奏
690    @aJ624.3
701 0  @a杨文涛@4著
801    @aCN@bTSTCL@c20060515
905    @dJ624.3@e16@f1@b221718@b221720@f1
    
    手风琴技巧训练/杨文涛著.-北京:人民音乐出版社,1986.2
    224页;26cm
    
    
    ISBN 7-103-00015-8:CNY5.10
    
●
相关链接 在E读中查询图书 在五车中查询图书 在当当中查询图书 在豆瓣中查询图书


正题名:手风琴技巧训练     索取号:J624.3/16         预约/预借

序号 登录号 条形码 馆藏地/架位号 状态 备注
1 0161439   001205181   第一样本阅览室/ [索取号:J624.3/16] 在馆    
2 0221718   001205154   第一借阅区/ [索取号:J624.3/16] 在馆    
3 0221719   202348352   密集书库/ [索取号:J624.3/16] 在馆    
4 0221720   001205145   第一借阅区/ [索取号:J624.3/16] 在馆    
唐山师范学院图书馆 欢迎您!
大连网信软件有限公司© 版权所有